000 00423nam a2200181Ia 4500
003 0STCL
008 150530s9999 xx 000 0 und d
040 _aSTCL
_cSTCL
100 _aPerumpadavam Sreedharan
245 _aRandu Sangadangal Kandumuttumbol
250 _a1
260 _bSankeerthanam; Kollam
_c2009
300 _a0
546 _aMalayalam
942 _2ddc
_cBK
999 _c77284
_d77284
005 20220125171642.0